000 01399nam a22002177a 4500
003 OSt
005 20170321110604.0
008 170321b xxu||||| |||| 00| 0 eng d
020 _a978-1-62789-413-5
082 _22015
_aAV-DVD 614.4
_bEd23
100 _919361
_aEdge, Dan
245 _aOutbreak:
_bwhy wasn't the Ebola outbreak stopped before it was too late?/
_cDan Edge.
260 _a[United States] :
_bWGBH Educational Foundation,
_cc2015.
300 _a1 videodisc :
_bsd., col. ;
_c4 3/4 in.
_fDVD ; NTSC ; region 1 ;
_gWidescreen Version
306 _a60 minutes
520 _aWhen the largest Ebola outbreak on record began to devastate West Africa, why did it take so long for the world to respond? This film tells the vivid, inside story of how and why the Ebola outbreak in West Africa wasn't stopped before it was too late, drawing on revelatory and candid admissions of failure from the key government and public health officials, including the President of Liberia, the Director of the Centers for Disease Control and Prevention, and multiple top World Health Organization officials. From the jungles of Guinea to the slums of Monrovia. Outbreak exposes tragic missteps in the response of the epidemic.
650 0 _919367
_aEbola virus disease
_xPrevention
650 0 _919368
_aEbola virus disease
_zAfrica, West
650 0 _919369
_aCommunication Disease
942 _2ddc
_cAV-DVD
999 _c6410
_d6410